000 01483cam a2200253 4500
001 J122132
008 030408n2003 000 0 eng u
035 _a(Sirsi) u122132
041 _aeng
050 _a690.241
_c18
100 _aGrover, Philip
245 _aLocal authority conservation provision In England
_bresearch project into staffing, casework and resources commissioned by English Heritage and Institute of Historic Building Conservation
260 _aLondon
_bEnglish Heritage
_c2003
520 _aAn investigation into, and survey of, the difficulties experienced by local authority conservation officers whose role is protect and promote England's historic environment. The report suggests that more resources should be identified and incentives used to improve performance. These could include the introduction of local performance indicators which reflect the extent of the historic assets in the care of individual councils. View at www.english-heritage.org.uk.
650 _aCONSERVATION MANAGEMENT
650 _aCONSERVATION OFFICERS
650 _aHISTORIC ENVIRONMENT
650 _aLOCAL AUTHORITIES
690 _aBUILT ENVIRONMENT-BUILDING MAINTENANCE AND REFURBISHMENT-BUILDING CONSERVATION
710 _aEnglish Heritage
_92714
710 _aInstitute of Historic Building Conservation
_93725
856 _uhttps://www.english-heritage.org.uk/content/imported-docs/k-o/lacp.doc
_vView the report on the English Heritage website...
942 _n0
999 _c102781
_d102781